00433nam a2200121Ia 4500008004100000024004800041082001900089100007600108245003400184260002600218600003400244650003300278260210s9999 xx 000 0 und d a07A-020-TE, 07B-009-TE & 07B-031-TE a629.892072 BHU aShakeel Karim Bhutto, Muhammad Fasih Uddin & Kamran Shafiq Khanzada 0aWiFi-Robotic Surveillance Car aKarachi:bUITU,c2007 aTelecommunication Engineering aBachelor of Engineering (BE)